00320nam a2200121Ia 4500008004100000020001800041041000800059082001500067100002100082245002900103250001000132260005600142230627s9999 xx 000 0 und d a81-7534-263-3 amar a340.1bFIT aFitzgerald P. J. aSalmond On Jurisprudence a12ed. aDelhibUniversal Law Publishing Co. Pvt. Ltd.c1966